000
00255nam a2200097Ia 4500
001
679810
005
20250826161329.0
008
250824s9999 xx 000 0 und d
245
0
_a
ANNEN MAĞARA KADINI OLMUŞ
_c
JON SCİESZKA
260
_b
GÜNIŞIĞI YAYINLARI
999
_c
679810
_d
679810